00876nam a2200277 i 4500001000300000100002200003245007500025250002000100260005200120300002700172490002300199500004600222650002200268650001400290700001900304830005300323015001800376020001800394040000800412041000800420044000800428080001100436080001200447008004100459856009800500bg1 aBiernacki, Piotr.10aPierwsze kroki na rynku kapitałowym /cPiotr Biernacki, Piotr Szulec. aWyd. 4 uaktual. aWarszawa :bKomisja Nadzoru Finansowego,c2009. a58 s. :bil. ;c21 cm.1 aPoradnik Inwestora aNa s. tyt. i okł. nazwa projektu: CEDUR. 4aRynek kapitałowy 4aPoradniki1 aSzulec, Piotr. 0aPoradnik Inwestora - Komisja Nadzoru Finansowego aPB 28287/2010 a9788392481393 cBPK apol aPOL a336.76 a(083.1)110530s2009 pl a |000 0 pol  uhttp://koha.tu.koszalin.pl/cgi-bin/koha/opac-detail.pl?biblionumber=49699yKatalog online BPK